Catálogo
 En Linea

Estados Unidos : (Registro nro. 39840)

Detalles MARC
000 -CABECERA
campo de control de longitud fija 00617nam a2200157 a 4500
001 - NÚMERO DE CONTROL
campo de control 000040350
005 - FECHA Y HORA DE LA ÚLTIMA TRANSACCIÓN
campo de control 20201002034057.0
008 - DATOS DE LONGITUD FIJA--INFORMACIÓN GENERAL
campo de control de longitud fija 130822s1966 cl 000 0 spa d
040 ## - FUENTE DE LA CATALOGACIÓN
Centro catalogador/agencia de origen DO-SdBNP
Lengua de catalogación spa
Centro/agencia transcriptor BNPHU
100 1# - ENTRADA PRINCIPAL--NOMBRE DE PERSONA
Nombre de persona Martin Lipset, Saymour
9 (RLIN) 66647
245 10 - MENCIÓN DE TÍTULO
Título Estados Unidos :
Resto del título juicio y análisis, los Estados Unidos en una perspectiva histórica comparativa /
Mención de responsabilidad, etc. , Seymour Martin Lipset ; traducción Sara Galofre.
260 ## - PUBLICACIÓN, DISTRIBUCIÓN, ETC.
Lugar de publicación, distribución, etc. Cali, Colombia :
Nombre del editor, distribuidor, etc. Norma,
Fecha de publicación, distribución, etc. 1966.
300 ## - DESCRIPCIÓN FÍSICA
Extensión 560 p ;
Dimensiones 22 cm.
504 ## - NOTA DE BIBLIOGRAFÍA, ETC.
Nota de bibliografía, etc. Incluye referencias bibliográficas y notas al pie de las páginas
700 1# - PUNTO DE ACCESO ADICIONAL--NOMBRE DE PERSONA
Nombre de persona Galofre, Sara
Término indicativo de función/relación tr.
9 (RLIN) 66648
Existencias
Estado de retiro Estado de pérdida Restricciones de uso No para préstamo Código de colección Localización permanente Ubicación/localización actual Ubicación en estantería Fecha de adquisición Número de inventario Total de préstamos Signatura topográfica completa Código de barras Fecha visto por última vez Precio válido a partir de Tipo de ítem Koha
      Excluido de préstamo Monografías: Libros y Folletos General General En catalogación 22.08.2013 LF1   40350-10 25.06.2020 25.06.2020 No se presta

Con tecnología Koha